000
00279nam a2200121Ia 4500
008
190216s9999||||xx |||||||||||||| ||und||
100
_a
Vassily Krapivin
245
0
_a
What Is Dialectial Materialism
260
_b
Null
_c
1987
300
_a
326p
650
_a
Economics
942
_c
BK
999
_c
9827
_d
9827